|
|
|
|
| LEADER |
01245nam a22003017a 4500 |
| 001 |
33798 |
| 003 |
BD-DhAAL |
| 005 |
20211121161346.0 |
| 008 |
180919t2008 nyu||||| |||| 001 0 eng d |
| 999 |
|
|
|c 40043
|d 40043
|
| 020 |
|
|
|a 9781844673001
|
| 040 |
|
|
|a BD-DhAAL
|
| 082 |
|
|
|2 23
|a 154.3
|
| 100 |
|
|
|a Žižek, Slavoj
|9 28273
|
| 245 |
|
|
|a The sublime object of ideology /
|c Slavoj Zizek
|
| 260 |
|
|
|a London :
|b Verso,
|c 2008
|
| 300 |
|
|
|a xxxi, 272 pages :
|c 20 cm.
|
| 500 |
|
|
|a includes index
|
| 505 |
|
|
|a How did Marx invent the symptom --
From symptom to Sinthome --
'Che Vuoi?' --
You only die twice --
Which subject of the real? --
'Not only as substance, but also as subject.'
|
| 520 |
|
|
|a
Slavoj Žižek presents a provocative and original examination of the question of human agency in a postmodern world.
|
| 526 |
|
|
|a ENH
|
| 541 |
|
|
|a Trim Education
|e 33798
|
| 650 |
|
|
|a Ideology.
|9 28274
|
| 650 |
|
|
|a Fantasy.
|9 28275
|
| 650 |
|
|
|a Popular culture.
|9 28276
|
| 852 |
|
|
|a Ayesha Abed Library
|c General Stacks
|
| 942 |
|
|
|2 ddc
|c BK
|
| 952 |
|
|
|0 0
|1 0
|2 ddc
|4 0
|6 154_300000000000000_ZIZ
|7 0
|9 64360
|a BRACUL
|b BRACUL
|c GEN
|d 2018-09-12
|e Trim Education
|g 1605.00
|l 4
|m 16
|o 154.3 ZIZ
|p 3010033798
|r 2024-01-22
|s 2023-10-26
|t 1
|v 1605.00
|w 2018-09-12
|y BK
|